Szczegóły MARC21

Edukacja i dialog w świecie przyszłości /

003 -Nazwa inst., której nr kontr. jest w polu 001 [,]
    • @
    • Nazwa instytucji, której n kontrolny jest w polu 001
    • NUKAT
005 -DATA I CZAS OSTATNIEJ MODYFIKACJI [,]
    • @
    • pole kontrolne
    • 20260402172700.0
020 -Międzynarod. znormalizowany nr książki - ISBN [ , ]
    • a
    • Numer ISBN
    • 8388067982 Find
020 -Międzynarod. znormalizowany nr książki - ISBN [ , ]
    • a
    • Numer ISBN
    • 8388067931 Find
040 -Instytucja sporządzająca opis [ , ]
    • a
    • Instytucja, która sporządziła opis (NP)
    • TOR U/MS
    • c
    • Instytucja, która sporządziła rekord (NP)
    • TOR U/MS
    • d
    • Instytucja, która zmodyfikowała rekord (P)
    • TOR U/LF
    • d
    • Instytucja, która zmodyfikowała rekord (P)
    • WR O/djas
942 -Rodzaj dokumentu [ , ]
    • c
    • Rodzaj dokumentu
    • Książka
245 -Strefa tytułu i oznaczenia odpowiedzialności [0,0]
    • a
    • Tytuł
    • Edukacja i dialog w świecie przyszłości / Find
    • c
    • Pozostałe elementy strefy tytułu i oznaczenia odpowiedzialności (NP)
    • red. nauk. Henryka Kwiatkowska, Maria Szybisz ; Wyższa Szkoła Humanistyczna imienia Aleksandra Gieysztora.
260 -Strefa adresu wydawniczego [ , ]
    • a
    • Miejsce wydania (P)
    • Pułtusk :
    • b
    • Nazwa wydawcy (P)
    • WSH im. Aleksandra Gieysztora,
    • c
    • Data wydania (P)
    • 2003.
300 -Strefa opisu fizycznego [ , ]
    • a
    • Określenie formy książki i/lub objętość (NP)
    • 300, [4] s. ;
    • c
    • Format (NP)
    • 21 cm.
336 -Typ zawartości [ , ]
    • a
    • Termin opisujący typ zawartości
    • Tekst
    • b
    • Kod określający zawartość
    • txt
    • 2
    • Źródło (terminu i kodu)
    • rdacontent
337 -Typ mediów [ , ]
    • a
    • Tryb odtwarzania
    • Bez urządzenia pośredniczącego
    • b
    • Kod typu mediów
    • n
    • 2
    • Źródło (terminu i kodu)
    • rdamedia
338 -Typ/rodzaj nośnika [ , ]
    • a
    • Hasło opisujące typ nośnika
    • Wolumin
    • b
    • Kod typu nośnika
    • nc
    • 2
    • Źródło (terminu i kodu)
    • rdacarrier
504 -Uwaga dot. bibliogr. załącznikowej [ , ]
    • a
    • Uwaga dot. bibliografii załącznikowej
    • Bibliogr. przy pracach.
521 -Uwaga dot. przeznaczenia czytelniczego [8, ]
    • a
    • Uwaga dot. przeznaczenia czytelniczego
    • Książka dla nauczycieli akademickich oraz młodzieży studiującej, zwłaszcza przygotowującej się do zawodów, w których komunikowanie się jest treścią ich profesjonalnych czynności.
080 -Uniwersalna Klasyfikacja Dziesiętna [ , ]
    • 2
    • Identyfikator wydania tablic
    • UDC-P058
    • 9
    • UKD
    • 3811
    • a
    • Symbol klasyfikacji
    • 37.01
    • b
    • Dopowiedzenie
    • Podstawy wychowania i nauczania (materialne, teoretyczne, filozoficzne itd.). Pojęcia podstawowe. Cele wychowania.
080 -Uniwersalna Klasyfikacja Dziesiętna [ , ]
    • 2
    • Identyfikator wydania tablic
    • UDC-P058
    • 9
    • UKD
    • 2181
    • a
    • Symbol klasyfikacji
    • 005.44
    • b
    • Dopowiedzenie
    • Zarządzanie. Globalizacja. Zarządzanie międzynarodowe.
650 -Hasło przedmiotowe [ ,7]
    • a
    • Hasło przedmiotowe
    • Edukacja
    • v
    • Określnik formalny
    • miscellanea.
    • 2
    • Źródło terminu
    • kaba
    • 9
    • KHW
    • 364389
650 -Hasło przedmiotowe [ ,7]
    • a
    • Hasło przedmiotowe
    • Pedagogika
    • v
    • Określnik formalny
    • miscellanea.
    • 2
    • Źródło terminu
    • kaba
    • 9
    • KHW
    • 391480
980 -Symbol UKD [ , ]
    • a
    • UKD
    • 37.01:005.44
700 -Hasło dodatkowe - nazwa osobowa [1, ]
    • a
    • Nazwa osobowa (NP)
    • Kwiatkowska, Henryka Find
    • d
    • Daty biograficzne (NP)
    • (1940-2024).
    • e
    • Określenie rodzaju współpracy
    • Red.
    • 9
    • KHW
    • 9775
700 -Hasło dodatkowe - nazwa osobowa [1, ]
    • a
    • Nazwa osobowa (NP)
    • Szybisz, Maria. Find
    • e
    • Określenie rodzaju współpracy
    • Red.
    • 9
    • KHW
    • 94962
710 -Hasło dodatkowe - nazwa ciała zbiorowego [2, ]
    • a
    • Nazwa ciała zbiorowego lub nazwa geograficzna jako pierwszy element (NP)
    • Wyższa Szkoła Humanistyczna im. Aleksandra Gieysztora (Pułtusk).
    • 4
    • Kod relacji
    • pbl
    • 9
    • KHW
    • 81502
920 -ISBN [ , ]
    • a
    • ISBN
    • 83-88067-98-2 Find
920 -ISBN [ , ]
    • a
    • ISBN
    • 83-88067-93-1 Find
Numer inwentarzowy Sygnatura Status udost. Data inwentaryzacji Lokalizacja
GW.776637-62016-05-04BE